Every Ballon d'Or winner - Statistics

General Stats
  • This quiz has been taken 86 times
  • The average score is 45 of 67
Answer Stats
Hint Answer % Correct
2017 Portugal Cristiano Ronaldo
100%
2016 Portugal Cristiano Ronaldo
100%
2014 Portugal Cristiano Ronaldo
100%
2013 Portugal Cristiano Ronaldo
100%
2008 Portugal Cristiano Ronaldo
100%
2023 Argentina Lionel Messi
100%
2021 Argentina Lionel Messi
100%
2019 Argentina Lionel Messi
100%
2015 Argentina Lionel Messi
100%
2012 Argentina Lionel Messi
100%
2011 Argentina Lionel Messi
100%
2010 Argentina Lionel Messi
100%
2009 Argentina Lionel Messi
100%
2002 Brazil Ronaldo Nazario
100%
1997 Brazil Ronaldo Nazario
100%
2022 France Karim Benzema
97%
2018 Croatia Luka Modric
97%
2005 Brazil Ronaldinho
94%
2007 Brazil Ricardo Kaka
93%
1998 France Zinadine Zidane
89%
2003 Czech Republic Pavel Nedved
87%
2006 Italy Fabio Cannavaro
86%
2000 Portugal Luis Figo
84%
2001 England Michael Owen
81%
1974 Netherands Johan Cruyff
76%
1973 Netherlands Johan Cruyff
76%
1971 Netherlands Johan Cruyff
76%
1963 USSR Lev Yashin
73%
1992 Netherlands Marco Van Basten
73%
1989 Netherlands Marco Van Basten
73%
1988 Netherlands Marco Van Basten
73%
1985 France Michel Platini
73%
1984 France Michel Platini
73%
1983 France Michel Platini
73%
1995 Liberia George Weah
71%
1970 Germany Gerd Muller
71%
1999 Brazil Rivaldo
71%
1976 Germany Franz Beckenbauer
67%
1972 Germany Franz Beckenbauer
67%
1994 Bulgaria Hristo Stoichkov
67%
1968 Northern Ireland George Best
66%
1993 Italy Roberto Baggio
61%
1959 Spain Alfredo Di Stefano
60%
1957 Spain Alfredo Di Stefano
60%
1966 England Bobby Charlton
60%
1965 Portugal Eusebio
57%
1990 Germany Lothar Matthaus
57%
1987 Netherlands Ruud Gullit
57%
1996 Germany Matthias Sammer
46%
1960 Spain Luis Suarez
40%
1956 England Stanley Matthews
39%
1991 France Jean-Pierre Papin
37%
1979 England Kevin Keegan
37%
1978 England Kevin Keegan
37%
1964 Scotland Denis Law
36%
1982 Italy Paolo Rossi
33%
1958 France Raymond Kopa
33%
1981 Germany Karl-Heinz Rummenigge
31%
1980 Germany Karl-Heinz Rummenigge
31%
2004 Ukraine Andriy Schevchenko
23%
1969 Italy Gianni Rivera
19%
1962 Czech Republic Josef Masopust
19%
1975 USSR Oleg Blokhin
17%
1977 Denmark Allan Simonsen
16%
1967 Hungary Florian Albert
11%
1986 USSR Igor Belanov
10%
1961 Italy Omar Sivori
10%
No matching quizzes found
Score Distribution
Percent of People with Each Score
Percentile by Number Answered
Your Score History
You have not taken this quiz